Demonym of Every Country in South America - Statistics

General Stats
  • This quiz has been taken 33 times
  • The average score is 11 of 12
Answer Stats
Countries Demonyms % Correct
Argentina Argentine / Argentinian
100%
Bolivia Bolivian
100%
Brazil Brazilian
100%
Colombia Colombian
100%
Paraguay Paraguayan
100%
Uruguay Uruguayan
100%
Venezuela Venezuelan
100%
Chile Chilean
97%
Ecuador Ecuadorian
91%
Peru Peruvian
91%
Guyana Guyanese
81%
Suriname Surinamese
78%
No matching quizzes found
Score Distribution
Percent of People with Each Score
Percentile by Number Answered
Your Score History
You have not taken this quiz